[Event "EU-ch 5th"]
[Site "Antalya"]
[Date "2004.05.18"]
[Round "4"]
[White "Milov, Vadim"]
[Black "Krasenkow, Michal"]
[Result "1/2-1/2"]
[WhiteElo "2680"]
[BlackElo "2609"]
[Annotator "Krasenkow,M"]
[PlyCount "81"]
[EventDate "2004.05.15"]
[EventType "swiss"]
[EventRounds "13"]
[EventCountry "TUR"]
[SourceTitle "CBM 101"]
[Source "ChessBase"]
[SourceDate "2004.07.27"]
[SourceVersion "1"]
[SourceVersionDate "2004.07.27"]
[SourceQuality "1"]

1. d4 Nf6 2. c4 g6 3. Nc3 d5 4. cxd5 Nxd5 5. e4 Nxc3 6. bxc3 Bg7 7. Qa4+ Qd7 8.
Qb3 {The idea of GM Sergey Volkov. The queen is placed on b3 quite reasonably;
meanwhile, the black c8 bishop can't go to g4. Still, Black has other good
ways of development.} O-O 9. Be3 (9. Nf3 c5 (9... b6 10. Bb5 c6 11. Bc4 c5 12.
d5 Ba6 13. a4 $6 Qg4 14. O-O Qxe4 15. Bxa6 Nxa6 16. Re1 Qd3 $15 {0-1 Volkov,
S-Turov,M/Sochi RUS 2004/The Week in Chess 496 (69)}) 10. Be3 Qc7 $5 11. Rc1
Nc6 12. Be2 Bg4 13. d5 Na5 14. Qd1 Rad8 15. O-O b6 16. c4 Bxf3 17. Bxf3 Nc6 $11
{0-1 Volkov,S-Mikhalevski,V/Internet Chess Club 2002/EXT 2003 (34)}) 9... b6
10. Nf3 ({In the earlier game GM Vadim Milov tried another, less appropriate
plan:} 10. Rd1 Bb7 11. f3 Nc6 12. Qa4 Rfd8 13. Nh3 Na5 14. Qxd7 Rxd7 15. Kf2 e5
16. Be2 Rad8 $15 {1/2-1/2 Milov,V-Eljanov,P/Geneve 2004/CBM 98 ext (49). (48)})
10... Bb7 11. Bd3 c5 (11... Qg4 $2 12. h3 {and the queen must go back not to
be lost after} Qxg2 $4 13. Ke2 {[%cal Ra1g1]}) 12. O-O cxd4 13. cxd4 Nc6 14.
Rad1 Rac8 $6 {Like in the game against Nyback in this issue, I avoid pushing
my e-pawn, which, however, doesn't pay off.} (14... e6 $142) ({but if Black
wanted to keep his pawn on e7, he should play} 14... Rfc8 $142) 15. d5 Na5 16.
Qb4 {[%cal Yd3b5,Ye3g5]} Bc3 17. Qb1 (17. Qa3 $5 {deserved attention, aiming
to the unprotected a7 pawn.}) 17... Qa4 18. Bg5 Qb4 (18... Qa3 $5) 19. Qxb4
Bxb4 20. Rb1 Ba3 21. Rfd1 {[%csl Ra5] Black's problem is his a5 knight and b7
bishop restricted by the d5 pawn.} e6 (21... Nc4 {is met by} 22. Nd4 $1 {
[%cal Rd4b5]} (22. Rb3 {brings nothing in view of} Bd6 23. Bxc4 Rxc4 24. e5 Bc5
25. d6 exd6 26. exd6 f6) 22... Nb2 23. Bxe7 $1 Nxd1 24. Bxf8 Kxf8 25. Rxd1 $16)
22. dxe6 fxe6 $14 {[%csl Re5,Re6][%mdl 4096]} 23. h4 $6 (23. Ne5 $142 Bc5 24.
Bh4 {and Black must defend carefully.}) 23... Bc5 $6 {Of course, Black would
like to enter his knight into play but it was not so easy:} (23... Nc4 24. Rb3
$1 Nb2 $8 25. Rd2 $1 (25. Rxa3 $143 Nxd1 26. Rxa7 Nb2) 25... Nxd3 26. Rxa3 Nc5
27. Rxa7 Ra8 (27... Bxe4 28. Ne5 $16) 28. Rxa8 Bxa8 29. Be3 Bxe4 30. Ne5 {
and Black ia still in trouble due to his weak dark squares.}) ({However, I
completely missed another possibility, activating my rook:} 23... Rc3 $1 {
[%cal Rc3d3] and Black is out of danger, e.g.} 24. Ne5 Bc5 25. Rb2 Bd4) {
After the text move the rook remains passive on c8.} 24. Rb2 Rc7 (24... Kg7 $5
25. Bd2 $5 {[%cal Rd2a5,Yd2c3,Yf3g5]}) 25. Rbd2 Kg7 (25... Bb4 26. Rc2 $36) 26.
Bb5 $2 {After this move, giving up the important central pawn, White's
advantage vanishes.} (26. Bc2 $142 h6 (26... Nc4 27. Rd7+ Rf7 28. Rxc7 Rxc7 29.
Bb3 Ba6 30. Bd8 Rf7 31. Ng5 $1 Bxf2+ 32. Kh2 Ne3 33. Rd6 $16) 27. Rd7+ (27. Bd8
Rcf7 {[%cal Ya5c4]}) 27... Rf7 28. Rxf7+ Rxf7 29. Bd2 Nc4 30. Bc3+ $36) (26. h5
$5 $14 {[%cal Yg5h4,Yh4g3]}) 26... Bxe4 27. Rd7+ Rf7 28. Rxc7 Rxc7 29. Bf4 Bxf3
30. gxf3 Rf7 31. Be5+ Kh6 32. Kg2 {The pair of bishops guarantees White a
sufficient compensation for the pawn but not more.} a6 {Black immediately
gives up the pawn to activate his knight, which leads to an equal position.} (
32... Bb4 {[%cal Ya5b7,Yb7c5] was more ambitious.}) 33. Bxa6 Nc6 34. Bc3 e5 {
[%csl Gd4]} 35. Bc4 Rc7 36. Bd5 (36. Bd2+ Kg7 37. f4 $5) 36... Nd4 37. Be4 Ra7
(37... Re7 $5 {was quite curious:} 38. Bd2+ Kh5 $5 {looks risky but White must
now play carefully, too} 39. Bg5 Rf7 40. f4 $5 h6 (40... exf4 41. Kh3 h6 42.
Rxd4 hxg5 43. Rd5 $11) 41. Rxd4 hxg5 42. Rd5 (42. Rd8 Kxh4 43. Bxg6 Ra7 $15)
42... Rxf4 43. f3 Kxh4 (43... gxh4 44. Rxe5+ g5 45. Re6 g4 46. Re5+ Kh6 47.
Re6+ Kg5 48. Rg6+ $11) 44. Rxe5 g4 45. Re6 gxf3+ 46. Bxf3 $11) 38. Bb1 $6 {
A passive move, after which White could have faced serious problems in the
time-trouble.} (38. f4 $5 {deserved attention, to open up the position for
White's bishops. Still, Black maintained sufficient counterplay after} Rxa2 39.
fxe5 Nf5 40. Bd2+ Kg7 41. h5 b5 $11) (38. Bd5 $11) 38... Rf7 $6 (38... Ra4 {
[%cal Ya4h4] would have forced White to regret about his last move. A draw was
still reachable but not so easily:} 39. Bd2+ (39. Re1 $2 Bb4 $1 {is Black's
main positional trap}) 39... Kh5 40. Re1 $1 (40. f4 $143 exf4 (40... e4 $5 41.
Bxe4 Rxa2 42. Be3 Nf5) 41. Bxf4 Nf5 42. Bg3 Nxh4+ {as the endgame after} 43.
Bxh4 (43. Kh3 $142 Nf5 44. Rd7) 43... Rxh4 44. Rh1 $2 Rxh1 45. Kxh1 Bxf2 46.
Kg2 Bc5 47. Kf3 h6 {is winning for Black}) 40... Bd6 (40... Nc6 41. Bg5 Rb4 42.
Bd3 $11) 41. Re4 b5 42. Bg5 (42. f4 $143 exf4 43. Bxf4 Bxf4 44. Rxf4 $15) 42...
Ne6 (42... Nf5 43. Bd3 Rxa2 44. Bxb5 Bc5 45. Be2 Nd4 46. Rxe5 $11) 43. Rxa4
bxa4 44. Bc2 a3 45. Bb3 Nxg5 46. hxg5 Kxg5 47. Bg8 $11 {_|_}) 39. Be4 Ra7 40.
Bd5 Rd7 41. Be4 1/2-1/2

[Event "ESP-ch Semifinal"]
[Site "Cala Mendia"]
[Date "2001.11.23"]
[Round "1.4"]
[White "San Segundo Carrillo, Pablo"]
[Black "Illescas Cordoba, Miguel"]
[Result "0-1"]
[WhiteElo "2528"]
[BlackElo "2577"]
[Annotator "Krasenkow,M"]
[PlyCount "64"]
[EventDate "2001.11.22"]
[EventType "k.o."]
[EventRounds "4"]
[EventCountry "ESP"]
[SourceTitle "CBM 086"]
[Source "ChessBase"]
[SourceDate "2002.02.05"]
[SourceVersion "1"]
[SourceVersionDate "2002.02.05"]
[SourceQuality "1"]

1. d4 Nf6 2. c4 g6 3. Nc3 d5 4. cxd5 Nxd5 5. e4 Nxc3 6. bxc3 Bg7 7. Nf3 c5 8.
Rb1 O-O 9. Be2 cxd4 10. cxd4 Qa5+ 11. Bd2 Qxa2 12. O-O Bg4 13. Bg5 h6 14. Be3
Nc6 15. d5 Ne5 16. Rxb7 e6 17. Re1 (17. d6 Rfd8 18. Re1 {is more accurate})
17... Bxf3 18. gxf3 exd5 $1 $146 {[%mdl 8] An important novelty. Black makes
use of his opponent's wrong move order.} (18... Rfd8 19. d6 {leads to the main
theoretical line - see, e.g., CBM76. Now I would only like to mention that} Qa5
20. Rf1 Qa2 21. f4 Rxd6 {doesn't work in view of} 22. Qxd6 Qxe2 23. Qd1 Nf3+
24. Kg2 Nh4+ 25. Kg3 $1 Qa6 26. Qd7 Rf8 27. Rc1 Qe2 28. Qd1 $1 $18) 19. exd5 (
19. Qxd5 Qc2 {leads to a comfortable position for Black.}) 19... Rfd8 20. d6
Qa5 (20... Qa3 $5 {needs further tests}) 21. Rf1 Qa2 22. f4 Rxd6 $1 23. Qxd6
Qxe2 24. Qd1 Nf3+ 25. Kg2 Nh4+ 26. Kh3 {Now we see the difference from the
above-mentioned line:} (26. Kg3 {is met with} Nf5+) 26... Qa6 27. Rd7 ({Alas,} 
27. Qd7 {is impossible in view of} Qxf1+ {check!}) 27... Bf6 $6 (27... Nf5 {
was more solid. After} 28. Qd3 Qxd3 29. Rxd3 a5 $11 {the endgame is similar to
the one in the game.}) 28. Re1 (28. Rd6 $142 {, although after} Qc8+ (28... Qb7
29. Rg1 Be7 $2 30. Rd7 Qe4 31. Rxe7 $1 Qxe7 32. Qh5 $18) 29. Qg4 Qxg4+ (29...
Nf5 $6 30. Rxf6 h5 31. Rxg6+ $1 fxg6 32. Qxg6+ Ng7+ 33. Kh4 Qd8+ 34. Qg5 a5 35.
Rg1 {and White maintains winning chances}) 30. Kxg4 h5+ 31. Kh3 Be7 32. Rd7 Nf5
{[%csl Gf5]} 33. Bxa7 {White can hardly win because of his poor pawn structure.
}) 28... Qa5 $6 (28... Qe6+ 29. Kg3 Qe4 30. Qd5 Nf5+ 31. Kh3 Qxd5 32. Rxd5 a5
$11 {leads to a better version of this endgame than the game as Black keeps
his a-pawn.}) 29. Qd5 Qxd5 30. Rxd5 a5 31. Bd4 $4 {[%mdl 8192] An unexpected
blunder.} (31. Rd6 Be7 32. Rd7 Nf5 {is harmless but}) (31. Bb6 {, threatening
32.Rd6 or even 32.Bd8, wins the a5 pawn (but hardly the game).}) 31... Bxd4 32.
Rxd4 Nf3 0-1

[Event "USA-ch"]
[Site "Seattle"]
[Date "2002.01.10"]
[Round "6"]
[White "Browne, Walter Shawn"]
[Black "Kriventsov, Stanislav G"]
[Result "1-0"]
[WhiteElo "2450"]
[BlackElo "2415"]
[Annotator "Krasenkow,M"]
[PlyCount "117"]
[EventDate "2002.01.05"]
[EventType "swiss"]
[EventRounds "9"]
[EventCountry "USA"]
[SourceTitle "CBM 087"]
[Source "ChessBase"]
[SourceDate "2002.03.21"]
[SourceVersion "1"]
[SourceVersionDate "2002.03.21"]
[SourceQuality "1"]

1. d4 Nf6 2. c4 g6 3. Nc3 d5 4. cxd5 Nxd5 5. e4 Nxc3 6. bxc3 Bg7 7. Nf3 c5 8.
Be3 Qa5 9. Qd2 O-O 10. Rc1 Rd8 {Quite a rare (in GM practice) way of defense.
Black ignores the d4-d5 threat intending to attack the white centre later on.}
11. d5 Nc6 12. Be2 {This move is quite natural but a bit too passive. Here are
the other options seen in practice:} (12. c4 {is apparently premature:} Qa3 $5
(12... b6 13. Qxa5 (13. Bd3 $5) 13... Nxa5 14. Bg5 (14. Be2 e6 15. O-O Nb7 16.
Rfe1 exd5 17. exd5 Nd6 $11 {1/2-1/2 Pietarinen,P-Hartio,I/FIN 1990/EXT 97 (47)}
) 14... f6 15. Bd2 Nb7 16. Bd3 Nd6 17. O-O Ba6 18. Bf4 $14 {1/2-1/2 Hoefer,
H-Neuberg,S/GER 1998/EXT 2000 (46)}) (12... Nb4 13. Be2 (13. a3 $6 Qxa3 14.
Bxc5 Nc2+ 15. Rxc2 Qxc5 $15 {1-0 Tanaka,Y-Sjerven/Chicago 1992/EXT 2000 (39)})
13... b6 (13... Bb2 14. O-O Bxc1 15. Rxc1 b6 16. Ra1 Qa4 17. a3 f6 18. h3 Nc6
19. Qc3 Na5 20. Nd2 $44 {1-0 Lecuyer,C-Mulder,B/FRA 1998/CBM 64 ext (30)}) 14.
O-O Qxa2 15. Qe1 (15. Qd1 Bg4 16. h3 $2 Bxf3 17. Bxf3 Nc6 {0-1 Boudreaux,
F-Kriventsov,S/Mt Vernon 2000/EXT 2002 (34)}) 15... Bg4 16. Nd2 Bxe2 17. Qxe2
Qa4 18. f4 Re8 19. e5 $36 {1-0 Ismailova,P-Rapcsak,A/Tallinn 1997/EXT 98 (42)})
(12... Qxd2+ {is quite safe:} 13. Nxd2 (13. Bxd2 Nd4 14. Nxd4 Bxd4 $13 {
0-1 Kazantzidis,P-Tsiamis,K/Poros 1998/EXT 99 (59)}) 13... Nd4 14. f4 e6 15.
Nb3 Nxb3 16. axb3 b6 17. g3 $6 (17. Rd1 $5 $13) 17... Bb7 18. Bg2 f5 19. Rd1
fxe4 20. dxe6 Rxd1+ 21. Kxd1 Re8 22. Bh3 Bc8 23. Ke2 Bxe6 24. Bxe6+ Rxe6 $17 {
0-1 Henssler,J-Fischer,L/Zuerich 1991/EXT 97 (52)}) 13. Be2 Bg4 14. O-O Bxf3
15. gxf3 (15. Bxf3 Nd4 {1/2-1/2 Brunner,N-Holcman,J/FRA 1999/EXT 2000 (23)})
15... Nd4 16. Kg2 $6 (16. f4 $13) 16... Qa4 17. Rb1 Qd7 $15 {1/2-1/2
Melkeraaen,T-Paulsen,J/NOR 1993/EXT 2000 (62)}) (12. h3 {is a radical but too
slow way to prevent ...Bg4:} b6 (12... e6 13. Be2 exd5 14. exd5 Ne7 15. c4
Qxd2+ 16. Nxd2 b6 17. g4 $14 {[%csl Yf5] 1/2-1/2 Asensio,E-Ferraro,C/Buenos
Aires 1996/EXT 2001 (60)}) 13. Be2 e6 14. O-O exd5 15. exd5 Ba6 16. Rfd1 Ne7
17. Bxa6 Qxa6 18. d6 (18. c4 $5) 18... Nf5 $13 {1-0 Raicevic,V-Jovanovic,M/
Pancevo 1985/EXT 2001 (30)}) (12. Bh6 $5 {a typical exchange manoeuvre} e6 (
12... Bh8 $5 $13 {looks more logical after ...Rd8}) 13. Bxg7 Kxg7 14. h4 h5 15.
Be2 f6 16. O-O Rb8 $2 17. e5 $1 Nxe5 (17... fxe5 18. d6 $16) 18. Nxe5 Rxd5 (
18... fxe5 19. Qg5) 19. Nd3 e5 $6 (19... c4 20. Qf4 $16) 20. Qe3 $18 {1-0
Pribyl,M-Korenev,A/Belgorod 1991/TD (41). (40)}) (12. Bd3 $5 {is more
aggressive than 12.Be2 and good enough for a small advantage:} Ne5 (12... b6
13. O-O (13. c4 $5) 13... Ba6 14. Bg5 Bxd3 15. Qxd3 h6 16. Bh4 g5 {0-1 Granero
Roca,A-Del Rio Angelis,S/Alicante 2000/EXT 2002 (49)} 17. Bg3 Qxa2 18. Qb5 $44)
(12... c4 13. Bxc4 e6 14. Bg5 Rd6 15. Qf4 Bxc3+ 16. Kf1 e5 17. Qh4 $36 {
1-0 Stephan,E-Grafl,R/Bayern 1996/EXT 99 (65)}) (12... Bg4 13. c4 $1 (13. O-O
Bxf3 14. gxf3 e6 15. c4 Qxd2 16. Bxd2 Nd4 $11 {0-1 Alvarado Ascanio,F-Pons
Morro,P/Cala Galdana 1999/CBM 73 ext (52)}) (13. dxc6 $2 Bxf3 14. gxf3 c4 {
0-1 Sondermann,D-Pusch,H/Recklinghausen 1994/EXT 2001 (29)}) (13. Ng1 $5 c4 (
13... Ne5 $5) 14. Bb1 e6 $2 15. h3 exd5 16. hxg4 dxe4 17. Qb2 $16 {1-0
Belotelov,D-Basener,W/Budapest 1996/EXT 98 (36)}) 13... Nb4 (13... Qa3 14. O-O
Bxf3 15. gxf3 Nb4 16. Bb1 Rac8 17. Qe2 Rd6 18. Rcd1 Rb6 19. f4 Bc3 20. e5 $16 {
1-0 Ikonnikov,V-Trommsdorf,F/Paris 1997/EXT 99 (27)}) 14. Bb1 Rac8 15. O-O Rd6
16. Rfe1 Ra6 17. Re2 Bd7 18. Bh6 Bh8 19. Qf4 f6 20. e5 $16 {1-0 Juarez,
A-Bustamante Luna,J/Buenos Aires 1992/EXT 98 (51)}) (12... e6 13. c4 Qxd2+ 14.
Kxd2 Nd4 15. Rb1 exd5 16. cxd5 f5 17. Nxd4 cxd4 18. Bg5 fxe4 19. Bxe4 $16 {
1/2-1/2 Tunik,G-Leontiev,A/Tula 2000/EXT 2002 (38)}) 13. Nxe5 Bxe5 14. c4 (14.
O-O Bg7 (14... Bd7 15. f4 Bg7 16. Qf2 Rac8 17. c4 Be8 18. e5 $16 {1-0 Jelen,
I-Hribar,B/Ljubljana 1994/TD (29)}) 15. Bh6 e6 16. Bxg7 Kxg7 17. f4 f6 18. Qe2
Qc7 19. c4 e5 20. Qe3 b6 21. f5 g5 22. h4 h6 23. Kf2 Rh8 24. Rh1 $36 {1-0
Bazant,P-Povchanic,D/Bratislava 1989/EXT 2001 (48)}) (14. f4 Bg7 15. c4 Qxd2+
16. Kxd2 b6 {-14.c4}) 14... Qxd2+ 15. Kxd2 b6 16. f4 Bg7 17. Ke2 (17. e5 e6 18.
d6 f6) 17... e6 18. h3 Bb7 19. g4 Rd7 20. Rhd1 Rad8 21. Bc2 exd5 22. cxd5 f5
23. exf5 Bxd5 24. fxg6 Bc4+ $6 (24... hxg6 $14) 25. Kf2 $16 {1-0 Lahlum,
H-Solaroli,R/Bergen 2001/CBM 83 ext (39)}) 12... Bg4 {This is a typical
manoeuvre for Black. This bishop, disturbing his own pieces, should be got rid
of.} (12... b6 13. O-O Qa4 14. Bd3 (14. Qc2 Qxc2 15. Rxc2 Na5 16. Nd2 e6 17.
Nc4 $6 Nb7 18. Bg5 f6 19. Bh4 exd5 20. exd5 b5 21. Nd2 a6 $15 {0-1 Goldin,
A-Pruner,E/Las Vegas 1995/EXT 97 (46)}) 14... Ba6 15. Bxa6 Qxa6 16. Bg5 ({
why not} 16. c4 {?}) 16... f6 17. Bh6 Qc4 $14 {1-0 Botterill,G-Hughes,S/
Bristol 1980/EXT 2002 (34). (33)}) (12... f5 13. O-O fxe4 14. Ng5 e6 15. d6 b6
16. Bc4 Ne5 17. Bxe6+ Bxe6 18. Nxe6 Nd3 19. Nxd8 Rxd8 20. f3 Nxc1 21. Qd5+ Kh8
22. Rxc1 exf3 23. Bg5 $36 {1-0 Zierke,O-Heinsohn,M/Germany 1997/EXT 99 (49)}) (
12... e6 $5 13. O-O exd5 14. exd5 Bg4 $13 15. Qb2 $6 Ne7 16. Qxb7 {0-1 Vieira,
J-Morais Pinto,P/Brasilia 1985/EXT 2000 (31)} Nxd5 $17) 13. O-O Bxf3 (13... Ne5
$2 14. Nxe5 Bxe2 15. Nxf7 Kxf7 16. Qxe2 $18 {1-0 Ionescu,C-Banszky,M/Eger 1995/
EXT 99 (35)}) (13... e6 14. Bg5 (14. Rfd1 exd5 15. exd5 Bxf3 16. Bxf3 Ne5 17.
Be2 c4 $132 {0-1 Ovaskainen,J-Sorri,K/Tammisaari 1997/EXT 99 (30)}) 14... Rd7
$2 (14... f6 15. Bf4 $14) 15. Qf4 Bxf3 16. dxc6 Bxe2 17. cxd7 Bxf1 {1-0 Dziuba,
M-Timoshin,J/Tallinn 1997/EXT 98 (17)}) (13... Rac8 14. Ng5 (14. Qb2 $5) 14...
Bxe2 15. Qxe2 Nb8 16. Qf3 Rf8 17. Qh3 h5 18. Nxf7 $1 $18 {1-0 Sretenskij,
N-Leontiev,A/Moscow 1998/EXT 2000 (31)}) 14. gxf3 {This is too bold as White
has no time to push f3-f4 and e4-e5. However, after} (14. Bxf3 e6 (14... Ne5
$143 15. Be2 Qa4 16. c4 b6 17. Qc2 Qa3 18. Qb3 Qxb3 19. axb3 Nd7 20. f4 a5 21.
e5 $16 {1-0 Loehr,M-Muehlbach,P/Germany 2001/CBM 82 ext (44)}) 15. Rfd1 Ne5 16.
Be2 exd5 17. exd5 c4 {Black has a satisfactory position.}) 14... e6 15. Rfd1
exd5 16. exd5 Rd7 17. Qe1 Ne7 18. c4 Qc7 {Black has reached a good position.
His only problem is to find a good arrangement for his pieces, which he fails
to do.} 19. Bd3 Be5 $6 {Not a good move as the bishop has nothing to do here.}
(19... b6 $5 {[%cal Yc7e5,Ye5h5]}) 20. h3 b6 21. Rc2 {[%cal Yc2e2] White
prepares to take over the e-file.} Re8 ({Black should probably retort to
tactical means:} 21... Rad8 $5 22. Re2 $140 Nc6) 22. Re2 Nc8 (22... Bf6 23. Bh6
) 23. Bg5 {[%cal Rg5f6,Rf3f4]} Bh2+ {Don't you think that this bishop should
rather stay on g7?} {[%tqu "En","Which king retreat is correct? Is there any
difference? Attention: this is quite a difficult exercise!","","","g1g2","",0,
"g1h1","",100]} 24. Kg2 $6 {It looks unbelievable but the correct retreat was
to h1! The point is that after} (24. Kh1 $3 Rxe2 25. Qxe2 Be5 ({or} 25... Bd6
26. Qe8+ Bf8 27. Bf5 $3) (25... Kg7 26. Qe3 {and}) (25... Ne7 26. Re1 Bd6 27.
Bf6 {are favourable for White, too}) {White has an excellent tactical blow} 26.
Bf5 $3 gxf5 27. Rg1 {that's why 24.Kh1!} Kf8 28. Bh6+ Ke7 29. f4 $18) 24...
Rxe2 25. Qxe2 {[%cal Ge1e8] Controlling the e-file, White maintains some
initiative, which, however, Black is able to neutralize.} Bd6 (25... Be5 26. f4
Bg7 27. f5 $36) 26. Re1 Be7 27. Bh6 Rd8 $6 {Once again the black pieces lose
their way.} (27... Bf8 {[%cal Yd7e7] was the right way of fighting for the
e-file.} 28. Bxf8 Kxf8 29. Qb2 Ne7 30. Qh8+ Ng8 31. Qxh7 Re7 {is not dangerous
for Black}) ({the "solid"} 27... Qd8 {[%cal Ye7f8] was possible, too.}) 28. Bc2
$6 {[%cal Yc2a4] This move is not very useful as the bishop doesn't come to a4.
} ({An immediate} 28. f4 $1 {was more active:.} Qd7 29. f5 Bf6 30. fxg6 hxg6
31. Qf3 Bg7 32. Bg5 Re8 33. Rxe8+ Qxe8 34. Bf4 {and the endgame is superior
for White thanks to his bishop pair,his passed d5 pawn and chances on the
kingside (h3-h4-h5).}) 28... Qd7 29. f4 Bf6 30. f5 Nd6 31. fxg6 hxg6 32. Qf3
Bg7 $11 {Black has consolidated his position.} 33. Bg5 Re8 34. Rxe8+ Qxe8 35.
Bd3 Qe1 36. h4 Qc3 37. Qe2 Qd4 38. Qe3 Be5 $6 {A serious inaccuracy.} (38...
Qxe3 $11) 39. Qxd4 Bxd4 $2 {Now White lifts the blockade and starts attacking
Black's queenside pawns, at the same time threatening to move his passed pawn,
which leads to a quick victory. However,} ({after} 39... cxd4 40. f4 Bg7 41. f5
$1 {White opens up the position and obtains an advantage, too:} gxf5 42. Bf4
Ne4 (42... Bf8 43. Be5 $16 {[%csl Rd4]}) 43. Kf3 $16) 40. Bf4 Nb7 41. Bb8 a6
42. Bc7 Bf6 43. Kh3 Bd8 44. d6 {[%cal Rd3e4]} Bxc7 (44... f5 45. Be2) 45. dxc7
Nd6 46. Be4 b5 47. Kg2 bxc4 48. Kf1 c3 49. Ke2 c2 50. Bxc2 Kf8 51. Bd3 Ke7 52.
Bxa6 Kd7 53. c8=Q+ Nxc8 54. Bxc8+ Kxc8 55. Kd3 $18 Kc7 56. Kc4 Kb6 57. a4 f6
58. f3 g5 59. h5 1-0